[Event "Montserrat op"]
[Site "Montserrat"]
[Date "2023.08.28"]
[Round "1"]
[White "Luque Saiz, Andres"]
[Black "Sanmartin Paya, Ignacio"]
[Result "1-0"]
[WhiteElo "2318"]
[BlackElo "1479"]
[PlyCount "77"]
[EventDate "2023.08.28"]
[EventType "swiss"]
[EventRounds "9"]
[EventCountry "ESP"]
[SourceTitle "EXT 2024"]
[Source "ChessBase"]
[SourceDate "2023.10.10"]
[SourceVersion "1"]
[SourceVersionDate "2023.10.10"]
[SourceQuality "1"]

1. e4 c5 2. Nf3 Nc6 3. Bb5 a6 4. Bxc6 dxc6 5. d3 Bg4 6. Nbd2 e6 7. h3 Bh5 8. a4 b5 9. b3 Be7 10. Bb2 Nf6 11. g4 Bg6 12. Ne5 Qc7 13. Ndf3 Rd8 14. Qe2 0-0 15. h4 h5 16. g5 Ng4 17. Nxg4 hxg4 18. Ne5 Bh5 19. Nxg4 g6 20. Rg1 Qa5+ 21. Qd2 Qxd2+ 22. Kxd2 c4 23. axb5 axb5 24. Ne5 Bb4+ 25. Bc3 Bxc3+ 26. Kxc3 cxd3 27. cxd3 Rd6 28. Ra7 Rfd8 29. Rg3 Rf8 30. Rc7 f6 31. Nd7 Rf7 32. Nxf6+ Kg7 33. Ne8+ Kf8 34. Rc8 Ke7 35. Nf6 Rxf6 36. gxf6+ Kxf6 37. Rc7 Ke5 38. Rg5+ Kf4 39. Rf7# 1-0